| 000 | 00541nam a2200181Ia 4500 | ||
|---|---|---|---|
| 001 | 9520 | ||
| 005 | 20260306161724.0 | ||
| 008 | 260306t2004||||xx |||||||||||||| ||spa|| | ||
| 041 | _aESP | ||
| 082 |
_a379.85021 _bM61 |
||
| 100 |
_aPerú. Ministerio de Educación. Unidad de Estadística EducativaPerú. Ministerio de Educación. Unidad de Estadística Educativa _eAUT |
||
| 245 | 0 | _aCifras de la educación 1998-2003 | |
| 260 | _c2004 | ||
| 300 |
_a285 páginas : _c30cm. |
||
| 650 | _aGEN | ||
| 654 | _aCED | ||
| 942 |
_cLIB _dJUS _fJUS _2ddc _n |
||
| 999 |
_c9520 _d9520 |
||